000 01160cam a2200349 a 4500
001 119245
005 20230410103811.0
008 980805s1999 mau b 001 0 eng
035 _9(DLC) 98039769
035 _a2143905
010 _a 98039769
020 _a0674781201 (alk. paper)
040 _aDLC
_cDLC
_dDLC
043 _ae-ur---
050 1 4 _a338 DK 32
_bM251r 1999
082 0 0 _a947
100 1 _aMalia, Martin E.
_q(Martin Edward)
245 1 0 _aRussia under western eyes :
_bfrom the Bronze Horseman to the Lenin Mausoleum /
_cMartin Malia.
260 _aCambridge, MA :
_bThe Belnap Press of Harvard University Press,
_c1999.
300 _axii, 514 p. ;
_c25 cm.
504 _aIncludes bibliographical references (p. 437-482) and index.
650 4 _a20150300
651 0 _aRussia
_xCivilization.
651 0 _aSoviet Union
_xCivilization.
651 0 _aRussia
_xForeign public opinion.
651 0 _aSoviet Union
_xForeign public opinion.
651 4 _aRusia
_xCivilización.
651 4 _aUnión Soviética
_xCivilización.
651 4 _aRusia
_xOpinión pública
_xRelaciones Exteriores.
942 _2lcc
_cbk
946 _aYSL
999 _c26063
_d26063